Psicología social y sus aplicaciones: Conducta derivada y problemas sociales / Tirso Mejía Ricart (Registro nro. 788)

Detalles MARC
000 -LEADER
fixed length control field 00598nam a22002171a 4500
001 - CONTROL NUMBER
control field 788
003 - CONTROL NUMBER IDENTIFIER
control field OSt
005 - DATE AND TIME OF LATEST TRANSACTION
control field 20260204211709.0
008 - FIXED-LENGTH DATA ELEMENTS--GENERAL INFORMATION
fixed length control field 070903s2002||||dr ||||||b||||||||||spa||
020 ## - NUMERO DE LIBRO INTERNACIONAL NORMALIZADO
International Standard Book Number 99934620309
050 ## - LIBRARY OF CONGRESS CALL NUMBER
Classification number RD 302 M479p
100 ## - ASIENTO PRINCIPAL -- NOMBRE PERSONAL
Personal name Mejía Ricart, Tirso
245 ## - TÍTULO PROPIAMENTE DICHO: SUBTÍTULO
Title Psicología social y sus aplicaciones: Conducta derivada y problemas sociales / Tirso Mejía Ricart
250 ## - MENCIÓN DE EDICIÓN
Edition statement 3
264 ## - PRODUCTION, PUBLICATION, DISTRIBUTION, MANUFACTURE, AND COPYRIGHT NOTICE
Place of production, publication, distribution, manufacture Santo Domingo : UASD
300 ## - PHYSICAL DESCRIPTION
Extensión 253 p
500 ## - GENERAL NOTE
General note Incluye indice
650 ## - ASIENTO SECUNDARIO DE MATERIA -- TERMINO TEMÁTICO
Termino Temático Como Elemento de Entrada Psicología Social
710 ## - ASIENTO SECUNDARIO -- NOMBRE CORPORATIVO
Corporate name or jurisdiction name as entry element Universidad Autonoma de Santo DomingoÌ
942 ## - ADDED ENTRY ELEMENTS (KOHA)
Source of classification or shelving scheme Dewey Decimal Classification
Koha item type Libros
Existencias
Withdrawn status Lost status Source of classification or shelving scheme Damaged status Not for loan Current library Date acquired Total Checkouts Full call number Barcode Date last seen Price effective from Koha item type
    Dewey Decimal Classification     Biblioteca UTECO 09/09/2019   RD 302 M479P 013106 09/09/2019 09/09/2019 Libros
    Dewey Decimal Classification     Biblioteca UTECO 09/09/2019   RD 302 M479P 013107 09/09/2019 09/09/2019 Libros
    Dewey Decimal Classification     Biblioteca UTECO 09/09/2019   RD 302 M479P 013108 09/09/2019 09/09/2019 Libros
    Dewey Decimal Classification     Biblioteca UTECO 09/09/2019   RD 302 M479P 013109 09/09/2019 09/09/2019 Libros
    Dewey Decimal Classification     Biblioteca UTECO 09/09/2019   RD 302 M479P 013110 09/09/2019 09/09/2019 Libros
© 2021 Derechos Reservados UTECO - Teléfono: +1 809-585-2291 - Correo electrónico: biblioteca@uteco.edu.do​  
Código postal 43000 ​​
Dirección: Avenida Universitaria No. 100, 
Cotuí, Provincia Sánchez Ramírez, República Dominicana - RNC: 404-00059-6